000 01309cam a22003374a 4500
001 5590449
005 20220326193344.0
008 060203s2005 gw a bc 000 0 ger c
020 _a3883759791
035 _a(OCoLC)ocm63281153
035 _a(NNC)5590449
040 _aCGU
_cCGU
_dCUY
_dOHX
_dBAKER
041 0 _ager
_aeng
042 _apcc
082 _a708
_bB829e
100 1 _aBrecht, George.
_94785
245 1 0 _aGeorge Brecht :
_bevents : eine Heterospektive = a heterospective /
_cJulia Robinson ; herausgegeben von/edited by Alfred M. Fischer.
246 3 1 _aHeterospective
260 _aKöln :
_bW. König,
_cc2005.
300 _a347 p. :
_bill. (some col.) ;
_c31 cm.
500 _aExhibition catalog, Museum Ludwig, Cologne, Sept. 17, 2005-Jan. 8, 2006, and Museu d'Art Contemporani de Barcelona, May 25-Sept. 3, 2006
505 _tExhibition catalog, Museum Ludwig, Cologne, Sept. 17, 2005-Jan. 8, 2006, and Museu d'Art Contemporani de Barcelona, May 25-Sept. 3, 2006
546 _aGerman and English.
600 1 0 _aBrecht, George
_vExhibitions.
_94786
700 1 _aRobinson, Julia.
_94787
700 1 _aFischer, Alfred M.
_94788
710 2 _aMuseum Ludwig.
_94789
710 2 _aMuseu d'Art Contemporani (Barcelona, Spain)
_91673
948 1 _a20060327
_bc
_crhg9
_dSCMC
999 _c868
_d868